000
00328nam a2200145Ia 4500
008
150201s2008 xx 000 0 und d
082
_a
150
_b
P08C
100
_a
CICCARELLI, SAUNDRA K.
245
_a
PSYCHOLOGY
250
_a
1ST
260
_b
PEARSON
_a
DELHI
_c
2008
300
_a
1-753
650
_a
PSYCHOLOGY
942
_2
ddc
_c
BK
999
_c
1582
_d
1582